LEADER 01429cam0-22004571i-450- 001 990003360710403321 005 20140520114421.0 010 $a88-453-0472-8 035 $a000336071 035 $aFED01000336071 035 $a(Aleph)000336071FED01 035 $a000336071 100 $a20030910d1991----km-y0itay50------ba 101 0 $aita 102 $aIT 105 $ay-------001yy 200 1 $aPianificazione e controllo di gestione$ecreazione del valore, cost accounting e reporting direzionale$etendenze evolutive$fLuigi Brusa, Luciana Zamprogna 210 $aMilano$cEtas libri$d1991 215 $a244 p.$d24 cm 225 1 $aGestione d'impresa$iContabilità e controllo di gestione 610 0 $aGestione 676 $a658.4 700 1$aBrusa,$bLuigi$0108802 701 1$aZamprogna,$bLuciana$0369581 801 0$aIT$bUNINA$gRICA$2UNIMARC 901 $aBK 912 $a990003360710403321 952 $aAZRAG49B(DEP)$b7988B$fDECBC 952 $aAZRAG49C$b7988C$fDECBC 952 $aAZRAG49D$b8012A$fDECBC 952 $aAZRAG49A$b7988A$fDECBC 952 $aAZRAG49E$b8012B$fDECBC 952 $aAZRAG49H(SR)$b9505B$fDECBC 952 $aAZRAG49F$b8012C$fDECBC 952 $aAZRAG49G$b9505A$fDECBC 952 $a14-12-49-RA$b5032 DEA$fECA 952 $a1-9-138-TI$b3006 DEA$fECA 959 $aDECBC 959 $aECA 996 $aPianificazione e controllo di gestione$968111 997 $aUNINA LEADER 01171nam--2200373---450- 001 990003608000203316 005 20120109095145.0 010 $a978-88-648-5007-8 035 $a000360800 035 $aUSA01000360800 035 $a(ALEPH)000360800USA01 035 $a000360800 100 $a20120109d2010----km-y0itay50------ba 101 0 $aita 102 $aIT 105 $a||||||||001yy 200 1 $aTeologia e metodo in Pietro Abelardo$fGiuseppe Allegro$gpresentazione di Constant J. Mews 210 $aPalermo$cOfficina di studi medievali$d2010 215 $aXI, 342 p.$d21 cm 225 2 $aMachina philosophorum$v22 410 0$12001$aMachina philosophorum$v22 606 0 $aTrinità$xConcezione [di] Abelardo, Pietro$2BNCF 676 $a231.044092 700 1$aALLEGRO,$bGiuseppe$0611263 702 1$aMEWS,$bConstant J. 801 0$aIT$bsalbc$gISBD 912 $a990003608000203316 951 $aII.2. 5563$b233354 L.M.$cII.2.$d00269750 959 $aBK 969 $aUMA 979 $aPASSARO$b90$c20120109$lUSA01$h0948 979 $aPASSARO$b90$c20120109$lUSA01$h0951 996 $aTeologia e metodo in Pietro Abelardo$91137341 997 $aUNISA LEADER 00997nam0-22003131--450 001 990008875800403321 005 20250226152524.0 035 $a000887580 035 $aFED01000887580 035 $a(Aleph)000887580FED01 100 $a20090709d1951----km-y0itay50------ba 101 0 $aita 102 $aIT 105 $ay-------001yy 200 1 $aContributi alla teoria dei Iudicia contraria$fGiuseppe Provera 210 $aTorino$cGiappichelli$d1951 215 $aVIII, 134 p.$d25 cm 225 1 $aUniversità di Torino$hSerie II$iMemorie dell'istituto giuridico$v75 676 $a340.5$v23$zita 700 1$aProvera,$bGiuseppe$0229685 801 0$aIT$bUNINA$gRICA$2UNIMARC 901 $aBK 912 $a990008875800403321 952 $aFONDO PROFESSOR ANTONIO GUARINO IV G 84$bG/2346$fFGBC 952 $aBibl. Solazzi IV G 60$b63805$fFGBC 952 $aUniversità 17 (75)$b38837$fFGBC 959 $aFGBC 996 $aContributi alla teoria dei Iudicia contraria$9803283 997 $aUNINA